Statistics for Famous Lakes Quiz

Click here to take the quiz!

General Stats

  • This quiz has been taken 14,943 times
    (12,296 since last reset)
  • The average score is 11 of 20

Answer Stats

Clue Lake % Correct
Borders ChicagoLake Michigan
89%
Most famous in ScotlandLoch Ness
88%
Largest lake in Africa (area)Lake Victoria
85%
Largest freshwater lake (by area)Lake Superior
82%
Salty lake at 1,371 feet below sea levelDead Sea
79%
World's largest inland seaCaspian Sea
77%
Settled by Mormon pioneersGreat Salt Lake
76%
Borders TorontoLake Ontario
75%
High-altitude lake between
Bolivia and Peru
Lake Titicaca
65%
Largest freshwater lake (by volume)Lake Baikal
61%
Lake in Switzerland and FranceLake Geneva
55%
Israeli lake where Jesus is said to
have walked on water
Sea of Galilee
46%
Between California and NevadaLake Tahoe
44%
Lake in Lombardy, famous for its villasLake Como
37%
Largest in Scotland (by area)Loch Lomond
34%
Deep lake atop an Oregon volcanoCrater Lake
34%
Largest entirely within CanadaGreat Bear Lake
33%
African lake - world's second
largest by volume
Lake Tanganyika
31%
Lake in Central America infested
with freshwater sharks
Lake Nicaragua
26%
Largest in HungaryLake Balaton
21%

Score Distribution

Percentile by Number Answered

Percent of People with Each Score

Your Score History

You have not taken this quiz since the last reset